| 000 | 00770cab a2200241 4500 | ||
|---|---|---|---|
| 001 | WB3514-12 | ||
| 008 | 090401t1999 xxu||||| |||| 00| 0 eng d | ||
| 035 | _a(Sirsi) u92759 | ||
| 041 | _aeng | ||
| 245 | _aEconomic improvement `may hit jobs and output` | ||
| 260 | _c1999 | ||
| 350 | _a0 | ||
| 490 |
_aFinancial Times _v15 April 1999, 9(1) |
||
| 520 | _aThe improvement in the UK economy may have a significant affect on output and employment. Unemployment will rise, especially in the north-east and Scotland, and growth will be less than originally predicted. | ||
| 650 | _aGROWTH | ||
| 650 | _aOUTPUT | ||
| 650 | _aPREDICTIONS | ||
| 650 | _aRECESSION | ||
| 650 | _aUNEMPLOYMENT | ||
| 690 | _aECONOMIC AND SOCIAL | ||
| 942 | _n0 | ||
| 948 | _c15/04/1999 | ||
| 999 |
_c58795 _d58795 |
||